000 00735nam a22002177a 4500
003 OSt
005 20260702093555.0
008 260702b |||||||| |||| 00| 0 eng d
020 _a978-1-4900-0089-3
022 _a781490000893
040 _cChuka University Library
050 _aLB 1632 .C66 2014
100 _aEllen Ungaro [Editor]
_932550
245 _aShort Reads for Finding Text Evidence as Required on Parcc and smarter Balanced Assessments
260 _aNew Rochelle
_bBenchmark Education Company
_c2014
300 _a128 P
_bIllustrations
650 _aReading Comprehension---Study and teaching [Elementary]
650 _aReading---Ability testing
_927305
650 _aLanguage Arts[Elementary]
942 _2lcc
_cBK
_n0
999 _c25871
_d25871